Thực hành trắc nghiệm hóa học 10

Tallennettuna:
Bibliografiset tiedot
Päätekijä: Lê, Ngọc Anh
Aineistotyyppi: Kirja
Kieli:Undetermined
Julkaistu: Hà Nội Giáo dục Việt Nam 2008
Aiheet:
Tagit: Lisää tagi
Ei tageja, Lisää ensimmäinen tagi!
Thư viện lưu trữ: Trung tâm Học liệu Trường Đại học Cần Thơ
LEADER 00621nam a2200205Ia 4500
001 CTU_185056
008 210402s9999 xx 000 0 und d
020 |c 14000 
082 |a 540.76 
082 |b A107 
100 |a Lê, Ngọc Anh 
245 0 |a Thực hành trắc nghiệm hóa học 10 
245 0 |c Lê Ngọc Anh, Đào Thu Hà 
260 |a Hà Nội 
260 |b Giáo dục Việt Nam 
260 |c 2008 
650 |a Chemistry,Hóa học 
650 |x Problems, exercises, etc.,Câu hỏi, bài tập 
904 |i Hải 
980 |a Trung tâm Học liệu Trường Đại học Cần Thơ